LITTLE BIG NUMBER HOW GDP CAME TO RULE T (Record no. 32694)
[ view plain ]
| 000 -LEADER | |
|---|---|
| fixed length control field | 00357nam a2200133Ia 4500 |
| 008 - FIXED-LENGTH DATA ELEMENTS--GENERAL INFORMATION | |
| fixed length control field | 240624s9999 xx 000 0 und d |
| 041 ## - LANGUAGE CODE | |
| Language code of text/sound track or separate title | eng |
| 082 ## - DEWEY DECIMAL CLASSIFICATION NUMBER | |
| Classification number | 339.31 PHI |
| 100 ## - MAIN ENTRY--PERSONAL NAME | |
| Personal name | PHILIPSEN DIRK |
| 245 ## - TITLE STATEMENT | |
| Title | LITTLE BIG NUMBER HOW GDP CAME TO RULE T |
| 260 ## - PUBLICATION, DISTRIBUTION, ETC. | |
| Date of publication, distribution, etc. | 2015 |
| Place of publication, distribution, etc. | Oxford |
| Name of publisher, distributor, etc. | Princeton University Press |
| 300 ## - PHYSICAL DESCRIPTION | |
| Extent | ix, 398 p.; 23 cm. |
| 365 ## - TRADE PRICE | |
| Currency code | |
| Price amount | 33 |
| Withdrawn status | Lost status | Damaged status | Not for loan | Home library | Current library | Shelving location | Date acquired | Full call number | Barcode | Date last seen | Copy number | Price effective from | Koha item type |
|---|---|---|---|---|---|---|---|---|---|---|---|---|---|
| IMTN | IMTN | Rack 14-A | 01/07/2022 | 339.31 PHI | 32694 | 06/24/2024 | 78.2 | 06/24/2024 | Books |